000 00919nam a22002775i 4500
001 10726
003 ES-MaACL
005 20240221153505.0
007 t|
008 910729s1989 sp ||||0| spa j
020 _a84-7628-062-9
040 _aM-BN
_bspa
_cM-BN
080 _a681.819.2
080 _a793.31(460)
100 1 _aUdaeta, José de.
_9111859
245 1 3 _aLa castañuela española
_b: origen y evolución /
_cJosé de Udaeta.
250 _a[1ª ed.].
260 _aBarcelona :
_bSerbal ;
_a[Madrid] :
_bInstituto Nacional de las Artes Escénicas y de la Música,
_c1989.
300 _a127 p :
_bil. col. y n ;
_c28 cm.
504 _aBibliografía. Indice.
650 1 4 _aCastañuelas.
_910817
650 4 _aDanza española.
_911534
710 2 _aInstituto Nacional de las Artes Escénicas y de la Música (España)
_95175
852 _aES-MaACL
_jL-18063
_bR.123323
999 _c10726
_d10726